000 00991cam a22002651i 4500
003 SA-RiAUC
005 20250318123022.0
008 250316s1968 su a g 00000 ara c
040 _aSA-RiAUC
_bara
_cSA-RiAUC
_erda
043 _aa-su---
082 0 4 _a915.316
_qSA-RiAUC
090 _a915.316
_bف ؤ ا
100 1 _aفؤاد حمزة، فؤاد بن أمين بن علي،
_d1899-1951
_eمؤلف.
245 1 0 _aفي بلاد عسير /
_cفؤاد حمزة.
250 _aالطبعة الثانية.
264 1 _aالرياض :
_bمكتبة النصر الحديثة،
_c1968
300 _a191 صفحة :
_bإيضاحيات ؛
_c24 سم
336 _aنص
_btxt
_2rdacontent
_3كتاب
337 _aبدون وسيط
_bn
_2rdamedia
338 _aمجلد
_bnc
_2rdacarrier
651 7 _aعسير (السعودية)
_xوصف ورحلات
_2aucsh
651 7 _aعسير (السعودية)
_xجغرافيا
_2aucsh
942 _2ddc
_cBOOK
_n0
949 _aSA-JeALM
_d250316
_umohamedma123
_n1
999 _c6495
_d6495